|
|
|
|
| LEADER |
00000nam a22000007a 4500 |
| 005 |
20191118145011.0 |
| 007 |
cr|||| |||| |
| 008 |
191118s2019 co |||||s|||| 00||0 spa d |
| 020 |
|
|
|a 978-958-762-001-7
|
| 035 |
|
|
|a 30697
|
| 040 |
|
|
|a vLex
|
| 090 |
|
|
|c 10052
|d 10052
|
| 100 |
1 |
|
|a Tolj, Javier
|
| 245 |
1 |
0 |
|a Bitcoin ¿Qu?̌ ¿Cuǹdo? ¿Dn̤de? ¿Cm̤o? ¿Por qu?̌
|h [Recurso electrn̤ico] /
|c Javier Tolj
|
| 256 |
|
|
|a Servicio en ln̕ea
|
| 260 |
|
|
|a Bogot:̀
|b Ediciones de la U,
|c 2019
|
| 300 |
|
|
|a 1 recurso electrn̤ico
|
| 506 |
1 |
|
|a Disponible solo en los productos indicados
|d vLex Global
|d vLex Global (Academic Edition, excluding Law Schools)
|d vLex Global (U.S. Academic Edition, Law Schools)
|d vLex Global (U.S. Academic Edition, excluding Law Schools)
|d vLex Global (Academic Edition, Law Schools)
|
| 650 |
0 |
4 |
|a Derecho Mercantil y de la Empresa
|z Colombia
|
| 650 |
0 |
4 |
|a Financiero
|z Colombia
|
| 740 |
0 |
|
|a vLex Libros (Servicio en ln̕ea)
|
| 856 |
4 |
0 |
|u http://vlex.com/source/bitcoin-30697
|z Acceso restringido
|
| 942 |
|
|
|c BOOK
|
| 999 |
0 |
|
|a Commercial and Business Law
|
| 999 |
0 |
|
|a Financial
|